Jinkō mondai ni kansuru chōsa kōmoku oyobi kore ni taisuru hōsaku no sankōan.

Saved in:
Bibliographic Details
Corporate Author: Jinkō Shokuryō Mondai Chōsakai (Japan)
Format: Book
Language:Japanese
Published: [Tokyo] : Jinkō Shokuryō Mondai Chōsakai kanji, Shōwa 2 [1927]
Subjects:
Tags: Add Tag
No Tags, Be the first to tag this record!
LEADER 01116nam a2200289 a 4500
001 007747117-2
005 20024617115958.0
008 880509s1927 ja f000 0 jpn
010 |a 88132550 /AJ 
035 0 |a ocm18989980 
040 |a DLC  |c DLC  |d *YNH*  |d CStRLIN 
043 |a a-ja---  |a a------ 
050 0 |a HB3651  |b .J532 1927 
245 0 0 |6 880-01  |a Jinkō mondai ni kansuru chōsa kōmoku oyobi kore ni taisuru hōsaku no sankōan. 
260 |6 880-02  |a [Tokyo] :  |b Jinkō Shokuryō Mondai Chōsakai kanji,  |c Shōwa 2 [1927] 
300 |a 4, 140 p. ;  |c 25 cm. 
500 |a Cover title. 
651 0 |a Japan  |x Population policy. 
651 0 |a Japan  |x Emigration and immigration  |x Government policy. 
650 0 |a Japanese  |x Government policy  |z Asia. 
650 0 |a Immigrants  |z Asia. 
710 2 |6 880-03  |a Jinkō Shokuryō Mondai Chōsakai (Japan) 
880 0 0 |6 245-01  |a 人口問題ニ關スル調查項目及之ニ對スル方策ノ參考案. 
880 |6 260-02  |a [Tokyo] :  |b 人口食糧問題調查會幹事,  |c 昭和 2 [1927] 
880 2 |6 710-03  |a 人口食糧問題調查會 (Japan) 
988 |a 20021214 
906 |0 DLC